000
00204 a2200097 4500
001
23158
100
_a
Zakaria, M M
245
_a
The Stories of Sahaba
260
_a
_b
Malik
_c
9999
090
_c
15698
_d
15698
942
_a
NUST-CAE
_c
M
_c
6333
999
_c
258231
_d
258231